| 000 | 00371cam a2200145ua 4500 | ||
|---|---|---|---|
| 041 |
_aeng _h |
||
| 082 |
_a823.308 _bGRE/SE |
||
| 100 | _aGreene, Grahan . | ||
| 245 |
_asearch of a character: two African journals / _cGreene. _hTextual Documents |
||
| 260 |
_aLondon : _bBoduly Head , _c1946. |
||
| 300 | _a125 ; . | ||
| 504 | _a | ||
| 999 |
_c11384 _d11384 |
||